| 000 | 00644nam a2200193 i 4500 | ||
|---|---|---|---|
| 001 | 30242 | ||
| 003 | ES-MaACL | ||
| 005 | 20230906154148.0 | ||
| 007 | t| | ||
| 008 | 030124s1948 sp ||||1| spa d | ||
| 100 | 1 |
_aBassas Grau, Enrique. _926306 |
|
| 245 | 1 | 0 |
_aTerapeútica interna de las dermatosis con sus fundamentos de Fisiopatología general / _cpor Enrique Bassas Grau. |
| 260 |
_aMadrid, etc. : _bMiguel Servet, _c1948 ( _fImp. Frama) |
||
| 300 |
_a276 p., 4 lám. ; _c20 cm. |
||
| 490 | 1 | _aLa práctica terapéutica | |
| 830 | 0 |
_aLa práctica terapéutica _9181372 |
|
| 852 |
_aES-MaACL _jC-5184 _bR.26065 |
||
| 999 |
_c30242 _d30242 |
||